Normal view
MARC view
- Hunt,R.Reed , Ellis,Henry.C
Entry Personal Name
001 - CONTROL NUMBER
- control field: 1326
003 - CONTROL NUMBER IDENTIFIER
- control field: JO-AjAnu
005 - DATE AND TIME OF LATEST TRANSACTION
- control field: 20230606070524.0
008 - FIXED-LENGTH DATA ELEMENTS
- fixed length control field: 230606|| aca||aabn | a|a d
040 ## - CATALOGING SOURCE
- Original cataloging agency: JO-AjAnu
- Transcribing agency: JO-AjAnu
100 ## - HEADING--PERSONAL NAME
- Personal name: Hunt,R.Reed , Ellis,Henry.C
670 ## - SOURCE DATA FOUND
- Source citation: Work cat.: (JO-AjAnu)697: Hunt,R.Reed , Ellis,Henry.C, author, Fundamentals Cognitive Psychology